Modelo de evaluación para el área de transportes del sistema ferroviario en Costa Rica

Shranjeno v:
Bibliografske podrobnosti
Glavni avtor: Barrantes Naranjo, Cilliam
Format: Knjiga
Izdano: San José, Costa Rica 1987
Teme:
Oznake: Označite
Brez oznak, prvi označite!

MARC

LEADER 00000nam a2200000Ia 4500
003 007225
005 20221231144309.0
008 140114s1987 cr a m 000 ||s d
040 |c cru CEDI 
090 |a TFG 2967 
100 |a Barrantes Naranjo, Cilliam  |9 11712 
245 |a Modelo de evaluación para el área de transportes del sistema ferroviario en Costa Rica  
260 |c 1987  |a San José, Costa Rica 
300 |a  [195] hojas : ilustraciones (algunas plegables) ; 28 cm  
500 |a  Tesis (licenciatura en ingenieria industrial)--Universidad de Costa Rica. Facultad de Ingeniería. Escuela de Ingenieria Industrial 
650 |x FERROCARRILES - COSTA RICA  |9 11713 
942 |c TFG 
999 |c 19769  |d 19769